Musang dan anak ayam (Record no. 78085)

MARC details
000 -LEADER
fixed length control field 00726nam a2200253 i 4500
001 - CONTROL NUMBER
control field C2-0269384
003 - CONTROL NUMBER IDENTIFIER
control field PPAK
005 - DATE AND TIME OF LATEST TRANSACTION
control field 20180728000057.0
008 - FIXED-LENGTH DATA ELEMENTS--GENERAL INFORMATION
fixed length control field 060808s2003 my a|||| ||||| | may d
020 ## - INTERNATIONAL STANDARD BOOK NUMBER
International Standard Book Number 9832611067
040 ## - CATALOGING SOURCE
Original cataloging agency PPAK
Language of cataloging eng
Transcribing agency PPAK
Description conventions rda
082 04 - DEWEY DECIMAL CLASSIFICATION NUMBER
Classification number 398.2
Edition number 23
090 00 - LOCALLY ASSIGNED LC-TYPE CALL NUMBER (OCLC); LOCAL CALL NUMBER (RLIN)
Classification number (OCLC) (R) ; Classification number, CALL (RLIN) (NR) 398.2
Feature heading MUS
Feature heading K
245 00 - TITLE STATEMENT
Title Musang dan anak ayam
264 #1 - PRODUCTION, PUBLICATION, DISTRIBUTION, MANUFACTURE, AND COPYRIGHT NOTICE
Place of production, publication, distribution, manufacture Batu Caves, Selangor :
Name of producer, publisher, distributor, manufacturer Early Leaner Publications ,
Date of production, publication, distribution, manufacture, or copyright notice 2003
300 ## - PHYSICAL DESCRIPTION
Extent 16 pages :
Other physical details colour illustrations ;
Dimensions 26 cm
336 ## - CONTENT TYPE
Source rdacontent
Content type term text
337 ## - MEDIA TYPE
Source rdamedia
Media type term unmediated
338 ## - CARRIER TYPE
Source rdacarrier
Carrier type term volume
490 1# - SERIES STATEMENT
Series statement Tulisan besar senang dibaca
650 10 - SUBJECT ADDED ENTRY--TOPICAL TERM
Topical term or geographic name entry element Folk literature - Malay.
830 #0 - SERIES ADDED ENTRY--UNIFORM TITLE
Uniform title Tulisan besar senang dibaca
942 ## - ADDED ENTRY ELEMENTS (KOHA)
-- dc
Koha item type Book
Holdings
Withdrawn Not for loan Current library Shelving location Date acquired Total Checkouts Full call number Barcode Date last seen Date last checked out Koha item type Total Renewals
    Perpustakaan Awam Sungai Petani Pinjaman Kanak-kanak 24/01/2006 3 K 398.2 MUS A01110334 23/06/2026 02/06/2026 Book  
    Perpustakaan Baling Pinjaman Kanak-kanak 24/01/2006 4 K 398.2 MUS A01110342 14/03/2026 04/02/2026 Book 1
    Perpustakaan Jitra Pinjaman Kanak-kanak 24/01/2006   K 398.2 MUS A01110335 09/05/2018   Book  
    Perpustakaan Kulim Pinjaman Kanak-kanak 24/01/2006 3 K 398.2 MUS A01110337 29/03/2026 15/02/2026 Book 1
    Perpustakaan Langkawi Pinjaman Kanak-kanak 24/01/2006   K 398.2 MUS A01110336 09/05/2018   Book  
    Perpustakaan Sik Pinjaman Kanak-kanak 24/01/2006 2 K 398.2 MUS A01110340 04/09/2024 23/07/2024 Book